Butler's lives of the saints / general consultant ... Read More
Available copies
- 1 of 1 copy available at LARL/NWRL Consortium.
- 1 of 1 copy available at Lake Agassiz Regional Library. (Show preferred library)
Current holds
0 current holds with 1 total copy.
Show Only Available Copies
| Location | Call Number / Copy Notes | Part | Barcode | Shelving Location | Status | Due Date |
|---|---|---|---|---|---|---|
| Moorhead Public Library | 235.2 But (Text) | APR | 33500006751879 | Main | Available | - |
Record details
- ISBN: 0814623778 (v. 1 : January)
- ISBN: 0860122506 (v. 1 : Burns & Oates)
- ISBN: 0814623786 (v. 2 : February)
- ISBN: 0814623794 (v. 3 : March)
- ISBN: 0814623808 (v. 4 : April)
- ISBN: 0814623816 (v. 5 : May)
- ISBN: 0860122549 (v. 5 : Burns & Oates)
- ISBN: 0814623824 (v. 6 : June)
- ISBN: 0814623832 (v. 7 : July)
- ISBN: 0814623840 (v. 8 : August)
- ISBN: 0814623859 (v. 9 : September)
- ISBN: 0814623867 (v.10 : October)
- ISBN: 0814623875 (v.11 : November)
- ISBN: 0814623883 (v.12 : December)
- ISBN: 0860122611
- ISBN: 086012259X
- ISBN: 0814623867 (Liturgical Press)
- ISBN: 0860122603
- Physical Description: 12 v. : maps ; 24 cm.
- Edition: New full ed.
- Publisher: Tunbridge Wells, Kent : Burns & Oates ; 1995-2000.
Content descriptions
| Bibliography, etc. Note: | Includes bibliographical references. |
| Formatted Contents Note: | [1] January / revised by Paul Burns -- [2] ... Read More |
Search for related items by subject
| Subject: | Christian saints > Biography. Christian saints > Biography. |
| LDR | 03913cam a2200697Ia 4500 | ||
|---|---|---|---|
| 001 | 32654 | ||
| 003 | LARL_NWRL_CONSORTIUM | ||
| 005 | 20010103082844.0 | ||
| 008 | 951128m19952000enkb b 000 0ceng | ||
| 010 | . | ‡a95081671 | |
| 015 | . | ‡aGB98-23277 | |
| 019 | . | ‡a34886352 ‡a35585050 ‡a37398569 ‡a37694534 ‡a38854738 ‡a44653412 | |
| 020 | . | ‡a0814623778 (v. 1 : January) | |
| 020 | . | ‡a0860122506 (v. 1 : Burns & Oates) | |
| 020 | . | ‡a0814623786 (v. 2 : February) | |
| 020 | . | ‡a0814623794 (v. 3 : March) | |
| 020 | . | ‡a0814623808 (v. 4 : April) | |
| 020 | . | ‡a0814623816 (v. 5 : May) | |
| 020 | . | ‡a0860122549 (v. 5 : Burns & Oates) | |
| 020 | . | ‡a0814623824 (v. 6 : June) | |
| 020 | . | ‡a0814623832 (v. 7 : July) | |
| 020 | . | ‡a0814623840 (v. 8 : August) | |
| 020 | . | ‡a0814623859 (v. 9 : September) | |
| 020 | . | ‡a0814623867 (v.10 : October) | |
| 020 | . | ‡a0814623875 (v.11 : November) | |
| 020 | . | ‡a0814623883 (v.12 : December) | |
| 020 | . | ‡a0860122611 | |
| 020 | . | ‡a086012259X | |
| 020 | . | ‡a0814623867 (Liturgical Press) | |
| 020 | . | ‡a0860122603 | |
| 035 | . | ‡a(OCoLC)33824974 | |
| 040 | . | ‡aDLC ‡cDLC ‡dUKM ‡dCOD | |
| 082 | 0 | 0. | ‡a282/.092/2 ‡aB ‡221 |
| 092 | . | ‡a920 ‡bBut | |
| 100 | 1 | . | ‡aButler, Alban, ‡d1711-1773. ‡0(LARL_NWRL_CONSORTIUM)83638 |
| 240 | 1 | 0. | ‡aLives of the saints |
| 245 | 1 | 0. | ‡aButler's lives of the saints / ‡cgeneral consultant editor, David Hugh Farmer ; managing editor, Paul Burns ; general introduction by David Hugh Farmer. |
| 250 | . | ‡aNew full ed. | |
| 260 | . | ‡aTunbridge Wells, Kent : ‡bBurns & Oates ; ‡aCollegeville, Minn. : ‡bLiturgical Press, ‡c1995-2000. | |
| 300 | . | ‡a12 v. : ‡bmaps ; ‡c24 cm. | |
| 504 | . | ‡aIncludes bibliographical references. | |
| 505 | 0 | . | ‡a[1] January / revised by Paul Burns -- [2] February / revised by Paul Burns -- [3] March / revised by Teresa Rodrigues -- [4] April / revised by Peter Doyle -- [5] May / revised by David Hugh Farmer -- [6] June / revised by Kathleen Jones -- [7] July / revised by Peter Doyle -- [8] August / revised by John Cumming -- [9] September / revised by Sarah Fawcett Thomas -- [10] October / revised by Peter Doyle -- [11] November / revised by Sarah Fawcett Thomas -- [12] December / revised by Kathleen Jones. |
| 650 | 0. | ‡aChristian saints ‡vBiography. ‡0(LARL_NWRL_CONSORTIUM)16687 | |
| 650 | 4. | ‡aChristian saints ‡vBiography. ‡0(LARL_NWRL_CONSORTIUM)16687 | |
| 653 | 0 | . | ‡aChristianity ‡aSaints |
| 700 | 1 | . | ‡aFarmer, David Hugh. ‡0(LARL_NWRL_CONSORTIUM)76027 |
| 700 | 1 | . | ‡aBurns, Paul. ‡0(LARL_NWRL_CONSORTIUM)192687 |
| 901 | . | ‡a32654 ‡bOCLC ‡c32654 ‡tbiblio | |

Add to basket
Permalink
Disable Highlighting